000 00419nam a22001577a 4500
003 LK-CoDNM
005 20240801094352.0
008 240801b |||||||| |||| 00| 0 eng d
040 _aLK-CoDNM
_dLK-CoDNM
_eLK-CoDNM
080 _a8
_bN10
100 _asturdy,t,edward
245 _aA BUDDHIST MANUAL OF PSYCOLOGICAL ETHICS
260 _aGROSVENOR STREET
_bLONDON
_c1923
300 _acxiii,363p. : 24 cm
942 _cBK
999 _c146203
_d146203